1258 1749 1107 1107 1094 1083 1338 1661 1439 1031 1536 1669 1807 1363 1830 1172 1329 1092 1812 1858 1087 1584 1007 1980 1855 1837 1225 1835 1806 1640 1191 1723 1735 1957 1014 1453 1755 1527 1281 1210 1519 1526 1553 1777 1559 1995 1229 1270 1532 1510 1040 1648 1000 1559 1683 1417 1816 1947 1305 1729 1140 1615 1440 1334 1112 1518 1808 1949 1342 1090 1276 1227 1452 1461 1898 1622 1914 1407 1121 1326 1585 1386 1011 1201 1842 1378 1800 1209 1780 1008 1861 1714 1867 1128 1862 1222 1299 1840 1943 BCNSPRNW ULIB Ver.6.0+V

เปลี่ยนเป็นภาษาไทย

Change to English
 แสดงรายละเอียดบรรณานุกรม
  กลับหน้าหลัก

Brief Record : Get Marc (ISO 2709) : E-mail record : QR code < ปิดหน้าต่าง
LEADER : 00000nam 2200000uu 4500
001    13399122259
003     ULIB
008    130121s2553||||th 000 0 tha d
020    ^a9786167136240
050  4 ^aH62^bส325ว
100 0  ^aสรชัย พิศาลบุตร
245 10 ^aวิธีวิจัยเชิงปฏิบัติ /^cสรชัย พิศาลบุตร
250    ^aพิมพ์ครั้งที่ 3
260    ^aกรุงเทพฯ :^bวิทยพัฒน์,^c2553
300    ^a376 หน้า ;^c26 ซม.
650  0 ^aResearch
650  0 ^aAction research
650  4 ^aการศึกษา^xวิจัย
650  4 ^aวิจัย
650  4 ^aวิจัยปฏิบัติการ
945    ^p320^l0^i19764
945    ^p320^l0^i19765
995    ^aทศพร
999    ^aทศพร เกษรทอง
รายการนี้ยังไม่มีแท็ก
คุณยังไม่ได้ล็อกอิน คุณสามารถมีกิจกรรมร่วมกับเว็บไซต์ได้ แต่ต้องล็อกอินก่อน ::
  ล็อกอิน

รายการสื่อสารสนเทศ

ลำดับที่ ประเภท เลขเรียก/บาร์โค้ด สถานที่ สถานะ
1. การศึกษาทั่วไป
การศึกษาทั่วไป
H62 ส325ว ฉ.1 
  Barcode: 19764
ห้องสมุดวิทยาเขตสวรรค์ประชารักษ์
►หนังสือทั่วไป
บนชั้น
2. การศึกษาทั่วไป
การศึกษาทั่วไป
H62 ส325ว ฉ.2 
  Barcode: 19765
ห้องสมุดวิทยาเขตสวรรค์ประชารักษ์
►หนังสือทั่วไป
บนชั้น

รายการใกล้เคียง
    ผู้แต่ง [สรชัย พิศาลบุตร]

    หัวเรื่อง [Research]
    หัวเรื่อง [Action research]
    หัวเรื่อง [วิจัย]
    หัวเรื่อง [วิจัยปฏิบัติการ]

BibComment


ยังไม่เคยถูกคอมเมนท์

คอมเมนท์ทรัพยากรรายการนี้
  คอมเมนท์: วิธีวิจัยเชิงปฏิ..


 Copyright 2026. Bcnsprnw @Library